| 000 | 00627nam a2200205 a 4500 | ||
|---|---|---|---|
| 005 | 20210223131013.0 | ||
| 008 | 090601s2006 mx r 000 0 spa d | ||
| 020 | _a8497542290 | ||
| 035 | _aUPN01000170836 | ||
| 049 | _aCG | ||
| 050 | 4 |
_aTK5105.875 I5.7 _bL4.2 |
|
| 100 | 1 | _aLewis, Ian | |
| 245 | 1 | 0 |
_aCómo-- conquistar internet / _cIan Lewis ; il. Tim Benton ; tr. Joan Carles Guix. |
| 260 |
_aBarcelona, Esp. : _bOniro, _c2006. |
||
| 300 |
_a96 p. : _bil. |
||
| 440 | 0 |
_aCómo... ; _v40 |
|
| 534 |
_pTítulo original: _tHow to conquer the internet |
||
| 650 | 4 |
_aINTERNET - _vLITERATURA JUVENIL _912318 |
|
| 905 | _aLibro | ||
| 999 |
_c142941 _d142941 |
||